| 000 | 00000nam##2200000za#4500 |
| 001 | 9.681546 |
| 003 | CaOODSP |
| 005 | 20200818140132 |
| 007 | ta |
| 008 | 150407|2001||||xxc||||| f|0| 0 fre|d |
| 020 | |a0-660-96563-1 |
| 040 | |aCaOODSP|bfre |
| 043 | |an-cn--- |
| 086 | 1 |aT31-29/2001F |
| 110 | 2 |aGarde côtière canadienne. |
| 245 | 13|aLe système canadien d'aides à la navigation / |cPublié par la Direction des services à la navigation maritime. |
| 260 | |aOttawa - Ontario : |bPêches et Océans Canada. |c2001. |
| 300 | |a63p. : |bfigures (certaines en couleur), cartes (certaines en couleur), références, tableaux ; |c28 cm. |
| 500 | |a«Aides à la navigation est un ensemble des marques ou dispositifs extérieurs aux navires, mis en place pour aider le navigateur à déterminer sa position et son cap, pour l'avertir de la présence de dangers ou d'obstacles, ou pour indiquer le meilleur trajet ou le trajet préféré.»--Introduction. Contient Le système canadien d'aides à la navigation (affiche, 28x64cm) qui est également disponible séparément. (Voir la notice suivante.) |
| 500 | |aComprends l'ajout du système canadien d'aides à la navigation. |
| 520 | 3 |aAides à la navigation est un ensemble des marques ou dispositifs extérieurs aux navires, mis en place pour aider le navigateur à déterminer sa position et son cap, pour l'avertir de la présence de dangers ou d'obstacles, ou pour indiquer le meilleur trajet ou le trajet préféré.--Introduction |
| 563 | |aCouverture souple |
| 590 | |a01-44|b2001-11-02 |
| 691 | 07|aSécurité nautique|2gcpds |
| 691 | 07|aNavigation|2gcpds |
| 775 | 08|tThe Canadian aids to navigation system / |w(CaOODSP)9.648239 |
| 776 | 0#|tLe système canadien d'aides à la navigation |w(CaOODSP)9.632084 |